000 00591nam a2200193Ia 4500
003 GCL
008 140319s9999 xx 000 0 ara d
040 _aGCL /
_cGCL
082 0 4 _aد
_b050
100 1 _aفايز قنطار
245 1 0 _aالامومة: نمو العلاقة بين الطفل والام (عالم المعرفة 166 ) /
_cفايز قنطار
300 _a272 ص
490 _aعالم المعرفة
_v0
650 0 4 _aالاطفال
650 0 4 _aالامومة
650 0 4 _aالامومه- رعايه
650 0 4 _aالاطفال, علم نفس
942 _2ddc
_cBK
999 _c50311
_d50311